000 00859nam a2200229Ii 4500
003 JO-AjNU
008 230605s9999||||xx |||||||||||||| ||und||
017 _a2007/6/1590
020 _a978-9957-16-343-3
040 _aJO-AjNU
_bara
_erda
_cJO-AjNU
041 _aara
050 1 4 _aK7340.K56.2009
100 3 _a الكيلاني، محمود ,
_eauthor
_946040
245 0 0 _aالموسوعة التجارية والمصرفية : عقود التجارة الدولية في مجال نقل التكنولوجيا، المجلد الأول
250 _aط1
264 3 1 _aعمان : دار الثقافة ، 2008
300 _aمج1، 448ص
336 _atext
_btxt
_2rdacontent
337 _aunmediated
_bn
_2rdamedia
338 _avolume
_bnc
_2rdacarrier
650 4 _aموسوعة تجارية ومصرفية -- عقود تجارة دولية
_946041
999 _aA20001
_c23569
_d23569